[Event "GER-ch51 V01 email"]
[Site "GER email"]
[Date "2019.04.14"]
[Round "?"]
[White "Droessler, Uwe"]
[Black "Gabel, Andreas"]
[Result "1/2-1/2"]
[WhiteElo "2301"]
[BlackElo "2345"]
[PlyCount "120"]
[EventDate "2019.??.??"]
[EventType "tourn (corr)"]
[EventRounds "10"]
[EventCountry "GER"]
[SourceTitle "Corr 2022"]
[Source "ChessBase"]
[SourceDate "2021.10.24"]
[SourceVersion "1"]
[SourceVersionDate "2021.10.24"]
[SourceQuality "1"]

1. e4 e5 2. Nf3 Nc6 3. Bb5 a6 4. Ba4 Nf6 5. 0-0 Be7 6. Re1 b5 7. Bb3 d6 8. c3 0-0 9. h3 Nb8 10. d4 Nbd7 11. Nbd2 Bb7 12. Bc2 Re8 13. Nf1 Bf8 14. Ng3 g6 15. a4 c5 16. d5 c4 17. Bg5 h6 18. Be3 Nc5 19. Qd2 h5 20. Bg5 Be7 21. Bh6 Nh7 22. Ra3 Rb8 23. Rea1 Bc8 24. axb5 axb5 25. Qe3 Bf8 26. Bxf8 Kxf8 27. Nf1 Kg7 28. N1d2 Bd7 29. Ne1 Qg5 30. Qxg5 Nxg5 31. h4 Nh7 32. g3 Nf6 33. Ng2 Rec8 34. f3 b4 35. Ra5 Nb3 36. Bxb3 bxc3 37. bxc3 cxb3 38. c4 Rb4 39. Ne1 b2 40. Rb1 Ba4 41. Nd3 Rcb8 42. Nxb4 Rxb4 43. c5 Bc2 44. Re1 dxc5 45. Rxc5 b1Q 46. Nxb1 Bxb1 47. Rd1 Rb3 48. d6 Rxf3 49. Rxb1 Rxg3+ 50. Kf1 Rd3 51. Rxe5 Rxd6 52. Re7 Ng8 53. Ra7 Re6 54. Re1 Nf6 55. Ra4 Ng4 56. Kg2 Kh6 57. Rc1 g5 58. hxg5+ Kxg5 59. Ra5+ Re5 60. Rxe5+ Nxe5 1/2-1/2

[Event "GER-ch49 final email"]
[Site "GER email"]
[Date "2019.02.19"]
[Round "?"]
[White "Hild, Harald"]
[Black "Gabel, Andreas"]
[Result "1-0"]
[WhiteElo "2380"]
[BlackElo "2352"]
[PlyCount "97"]
[EventDate "2019.??.??"]
[EventType "tourn (corr)"]
[EventRounds "14"]
[EventCountry "GER"]
[SourceTitle "Corr 2022"]
[Source "ChessBase"]
[SourceDate "2021.10.24"]
[SourceVersion "1"]
[SourceVersionDate "2021.10.24"]
[SourceQuality "1"]

1. e4 c5 2. Nc3 Nc6 3. Nf3 e5 4. Bc4 Be7 5. d3 Nf6 6. Nd2 d6 7. Nf1 Bg4 8. f3 Be6 9. Ne3 0-0 10. 0-0 Nh5 11. g3 Bg5 12. Ncd5 Bxe3+ 13. Bxe3 Na5 14. b3 Nxc4 15. dxc4 Bxd5 16. Qxd5 Qe7 17. a4 h6 18. Rad1 Rfd8 19. Qd3 Nf6 20. Bd2 a5 21. Rde1 b6 22. Bc3 Re8 23. Kf2 Rad8 24. Ke3 Qe6 25. Rf2 Rd7 26. Qf1 Nh7 27. Kd2 f5 28. Kc1 Nf6 29. exf5 Qxf5 30. g4 Qg6 31. h4 Rde7 32. Kb1 Re6 33. Qh3 Qf7 34. Bb2 Rf8 35. Bc1 Nh7 36. g5 Qf5 37. Qg2 Rg6 38. Rg1 Nf6 39. Qh1 Nh5 40. gxh6 Rxg1 41. Qxg1 g6 42. Qd1 Qe6 43. Qd3 Nf4 44. Qe4 d5 45. cxd5 Nxd5 46. Kb2 Nf4 47. Qb7 Rf7 48. Qb8+ Kh7 49. Rd2 1-0

[Event "GER-ch49 final email"]
[Site "GER email"]
[Date "2019.02.19"]
[Round "?"]
[White "Schwetlick, Thomas"]
[Black "Gabel, Andreas"]
[Result "1/2-1/2"]
[WhiteElo "2503"]
[BlackElo "2352"]
[PlyCount "61"]
[EventDate "2019.??.??"]
[EventType "tourn (corr)"]
[EventRounds "14"]
[EventCountry "GER"]
[SourceTitle "Corr 2020"]
[Source "ChessBase"]
[SourceDate "2019.09.30"]
[SourceVersion "1"]
[SourceVersionDate "2019.09.30"]
[SourceQuality "1"]

1. e4 e5 2. Nf3 Nc6 3. Bb5 a6 4. Ba4 Nf6 5. 0-0 Be7 6. Re1 b5 7. Bb3 d6 8. c3 0-0 9. h3 Bb7 10. d4 Re8 11. Nbd2 Bf8 12. a3 h6 13. Bc2 Nb8 14. b3 Nbd7 15. Bb2 Rb8 16. a4 Ba8 17. Kh2 d5 18. dxe5 dxe4 19. exf6 exf3 20. fxg7 Bd6+ 21. g3 bxa4 22. Rxa4 Rxe1 23. Qxe1 Qe8 24. Ra1 Bc5 25. Qf1 Qe2 26. Qxe2 fxe2 27. Re1 Re8 28. Bd3 Bxf2 29. Rxe2 Re3 30. Rxe3 Bxe3 31. Nf1 1/2-1/2

[Event "GER-ch50 V01 email"]
[Site "GER email"]
[Date "2018.05.15"]
[Round "?"]
[White "Hesse, Olaf"]
[Black "Gabel, Andreas"]
[Result "1/2-1/2"]
[WhiteElo "2455"]
[BlackElo "2331"]
[PlyCount "79"]
[EventDate "2018.??.??"]
[EventType "tourn (corr)"]
[EventRounds "10"]
[EventCountry "GER"]
[SourceTitle "Corr 2020"]
[Source "ChessBase"]
[SourceDate "2019.09.30"]
[SourceVersion "1"]
[SourceVersionDate "2019.09.30"]
[SourceQuality "1"]

1. e4 e5 2. Nf3 Nc6 3. Bb5 a6 4. Ba4 Nf6 5. 0-0 Be7 6. Re1 b5 7. Bb3 d6 8. c3 0-0 9. h3 Nb8 10. d4 Nbd7 11. Nbd2 Bb7 12. Bc2 Re8 13. a4 Bf8 14. Bd3 c6 15. b3 g6 16. Bb2 exd4 17. cxd4 d5 18. e5 Nh5 19. Nf1 Bb4 20. Re2 Nf4 21. Rc2 Ne6 22. Ne3 bxa4 23. Rxa4 a5 24. Bc3 Qb6 25. Ng4 Bf8 26. Qd2 h5 27. Nf6+ Nxf6 28. exf6 Qd8 29. Ne5 Qxf6 30. Nd7 Qh4 31. Nxf8 Rxf8 32. Bxa5 Qf4 33. Qxf4 Nxf4 34. Bf1 Ne6 35. Bc3 h4 36. Rca2 Kg7 37. g3 hxg3 38. fxg3 Ng5 39. Bb4 Rfe8 40. Rxa8 1/2-1/2

[Event "GER-ch49 V01 email"]
[Site "GER email"]
[Date "2017.04.03"]
[Round "?"]
[White "Gabel, Andreas"]
[Black "Richter, Wolfgang"]
[Result "1/2-1/2"]
[WhiteElo "2313"]
[BlackElo "2147"]
[PlyCount "29"]
[EventDate "2017.??.??"]
[EventType "tourn (corr)"]
[EventRounds "10"]
[EventCountry "GER"]
[SourceTitle "Corr 2020"]
[Source "ChessBase"]
[SourceDate "2019.09.30"]
[SourceVersion "1"]
[SourceVersionDate "2019.09.30"]
[SourceQuality "1"]

1. e4 e5 2. Nf3 Nc6 3. d4 exd4 4. Nxd4 Nf6 5. Nc3 Bb4 6. Nxc6 bxc6 7. Bd3 0-0 8. 0-0 d5 9. exd5 cxd5 10. Bg5 Be6 11. Qf3 h6 12. Bxf6 Qxf6 13. Qxf6 gxf6 14. Nb5 c5 15. Nc7 1/2-1/2